=LDR 00000nam 2200000 4500 =001 INLIS000000000050539 =005 20200313075019 =035 ##$$a 0010-0517000192 =007 ta =008 200313################g##########0#ind## =020 ##$$a 978-602-9298-98-7 =082 ##$$a 297.122 =084 ##$$a 297.122 MUH a =100 #$$a Muhith, Nur Faizin =245 1#$$a Ayo Yasinan /$c Nur Faizin Muhith, Lc., M.A. =250 ##$$a cet.1 =260 ##$$a Surakarta :$b Sajada,$c 2013 =300 ##$$a 165 hlm. ; $c 21 x 14 cm =650 #4$$a Al-Qur'an =990 ##$$a 31701166 =990 ##$$a 31701165